00720nam a2200265Ia 4500003000400000005001700004008004100021020001500062040001800077041000800095082002100103100001900124245007700143250001200220260005800232300002400290650002700314650002200341650001000363700001600373700001700389700001700406700001500423700001600438OSt20230727102756.0210716s1985 xx 000 0 und d a8185095868 cAIMIT LIBRARY aeng a005.43 21bWHIR aWhiddett, R J. aUnix :bpractical introduction for users /cBy R J Whiddett ...[et.al.]. a1st ed. aNew Delhi :bAffiliated East- West Press Ltd ,c1985. a195 p.;bPBc23 cm. aFilesand the filestore aCompound commands ashell aBerry, R E. aBlair, G .S. aHurley, P.N. aMuir, S.J. aNicol, R.J.